| 000 | 01544 a2200289 4500 | ||
|---|---|---|---|
| 005 | 20080927114349.0 | ||
| 008 | 080911t xxu||||| |||| 00| 0 hin d | ||
| 010 | _aHIN-79574 | ||
| 020 |
_a8189850431 _c400.00 |
||
| 035 | _aHN-51920 | ||
| 037 | _bD.B.Act / pub | ||
| 082 | _aउ | ||
| 100 | _aपाल जोगिन्दर | ||
| 245 |
_aख़्वाबरौ, नादीद _cजोगिन्दर पाल, अनुवादक कृष्णा पाल |
||
| 246 |
_aKhwaabrow,Nadeed _bby Joginder Paul |
||
| 260 |
_aनई दिल्ली _bरेमाधव पब्लिकेशन्स _c2006 |
||
| 270 |
_aपोस्ट बाक्स न.3684,लाजपत नगर-11 _bनई दिल्ली _e110024 |
||
| 300 |
_aनौ,185पृ _c23 सेमी (सजिल्द) |
||
| 500 | _a(जोगिन्दर पाल के दो उपन्यास) | ||
| 500 | _a(Joginder Paul ke two Novel) | ||
| 650 | _aहिन्दी उपन्यास | ||
| 650 | _aHindi Novel | ||
| 700 | _aपाल, कृष्णा | ||
| 942 |
_adpl _cHN _kउ / जोगिन्द _2ddc _hउ _mजोगिन्द |
||
| 999 |
_c3001 _d3001 |
||